000 00719nam a2200241Ia 4500
003 OSt
005 20220927105032.0
006 a|||||r|||| 00| 0
007 ta
008 220926b |||||||| |||| 00| 0 eng d
024 _a187681
037 _cReference Collections
040 _aRTL
_cRTL
_beng
041 _2eng
_aeng
082 _a"X9(F451).2.N63<-N45r, K3/GD"
110 _aNONSUCH TES ESTATES LTD.
_9369766
245 0 _aAnnual report 1945-1963.
260 _aCalcutta
_bNTE
_c1963
300 _aVarious pages.
_ccm.
700 _aNONSUCH TES ESTATES LTD.
_9369767
942 _h"X9(F451).2.N63<-N45r, K3/GD"
_cCC
999 _c690398
_d690398